Core JavaServer Faces

Gespeichert in:
Bibliographische Detailangaben
1. Verfasser:  Geary, David
Format: Sách
Sprache:Undetermined
Veröffentlicht:  Prentice Hall  2010
Schlagworte:
Tags: Tag hinzufügen
Keine Tags, Fügen Sie den ersten Tag hinzu!
Thư viện lưu trữ: Trung tâm Thư viện - Trường Đại học Công nghiệp TP. Hồ Chí Minh
LEADER 00477nam a2200157Ia 4500
001 UIH_06219
008 231011s9999 xx 000 0 und d
082 |a  006.78 
100 |a  Geary, David 
245 0 |a  Core JavaServer Faces 
245 0 |c  Geary, David 
260 |b  Prentice Hall 
260 |c  2010 
650 |a  Web sites; Phát triển trang Web;  
927 |a Sách 
980 |a Trung tâm Thư viện - Trường Đại học Công nghiệp TP. Hồ Chí Minh